000 00726cam a2200145 4500500
005 20260208005827.0
041 _afre
042 _adc
100 1 0 _aMattiussi, Laurent
_eauthor
245 0 0 _aJEAN-PIERRE CHAUSSERIE-LAPRÉE, L’Écriture gouvernée : l’organisation complète du poème chez Mallarmé et Valéry. Aix-en-Provence, Publications de l’Université de Provence, 2003, coll. « Textuelles poésie ». Un vol. 13 × 21 de 348 p.
260 _c2005.
500 _a19
786 0 _nRevue d'histoire littéraire de la France | 105 | 3 | 2005-06-01 | p. 655zr-764zr | 0035-2411
856 4 1 _uhttps://shs.cairn.info/revue-d-histoire-litteraire-de-la-france-2005-3-page-655zr?lang=fr&redirect-ssocas=7080
999 _c1653977
_d1653977